Представление документа в формате RUSMARC

ПолеНазваниеЗначение
  Тип записи c
  Библиографический уровень m
001 Контрольный номер RU/УОНБ/EK_N/665067861
005 Дата корректировки 20240131001901.3
010 Индекс ISBN __
9 Тираж 15350 экз.
013 Номер (ISMN) __
d Цена 1 р. 91 к.
100 Данные общей обработки __
a Данные общей обработки 20210127d1974 u y0rusy0189||||ca
101 Язык документа 0_
a Язык текста ukr
a Язык текста rus
f Язык титульного листа ukr
f Язык титульного листа rus
102 Страна публикации __
a Страна публикации UA
105 Кодированные данные (монография) __
a Кодированные данные (монография) y###||||000|y
125 Кодированные данные звукозаписи и нотных изданий __
a Форма изложения нотного текста с|
128 Кодированные данные (звукозаписи-физические характеристики) __
a Кодированные данные: Музыкальная форма и тональность или лад chs
b Инструменты или голоса, необходимые для ансамблей (устаревшее) cu||
c Инструменты или голоса, рекомендуемые для солистов (устаревшее) vu||
200 Заглавие и сведения об ответственности 1_
a Заглавие Пicнi для учнiв 4-5 класiв
b Общее обозначение материала Ноты
d Параллельное заглавие Песни для учащихся 4-5 классов
e Сведения, относящиеся к заглавию [для пения (соло, хор) с сопровожд. фп. и без сопровожд.]
f Первые сведения об ответственности сост. Л. Хлебникова
g Последующие сведения об ответственности с предисл.
210 Выходные данные 1_
a Место издания Київ
c Издательство Музична Украiна
d Дата издания 1974
215 Физическое описание __
a Объем 272 с.
d Формат 22 см
300 Общие примечания __
a Общие примечания Изд. на укр. и рус. яз.
512 Заглавие обложки 1_
a Заглавие обложки Пicнi для учнiв 4-5 класiв
606 Тематические рубрики 0_
a Основная рубрика Песни для учащихся
610 Ключевые слова 0_
a Ключевые слова песни для учащихся
686 Индексы других классификаций __
a Классификационный индекс 85.98(2)я71
2 Код системы rubbk
702 Вторичная интеллектуальная ответственность _1
a Фамилия Хлебникова
b Имя (инициалы) Л. А.
4 Код отношения 220
801 Источник записи _0
a Страна RU
b Организация Ульяновская ОНБ
c Дата составления 20210127
g Правила каталогизации RCR
801 Источник записи _1
a Страна RU
b Организация Ульяновская ОНБ
c Дата составления 20210127
g Правила каталогизации RCR
901 Тип документа __
t Тип документа m
909 Создатель записи __
a Создатель записи Грязнова И. Е.
938 Служебная информация __
a Имя БД noti
b Имя библиотеки УОНБ
c Имя АИБС МАРК-SQL
d Номер DOC_ID в БД 23284